| 000 | 00731nam a22002177a 4500 | ||
|---|---|---|---|
| 005 | 2010081902192.0 | ||
| 010 | _aENG-100929 | ||
| 020 |
_c850.00 _a8185931771 |
||
| 020 |
_c850.00 _a9788185931777 |
||
| 035 | _aEN-84462 | ||
| 037 | _bDBAD/PUB | ||
| 082 | _a510 | ||
| 245 |
_aThe collected papers of M.S.Narasimhan / _cedited by Nitin Nitsure |
||
| 260 |
_aNew Delhi _bHindustan Book Agency _c2007 |
||
| 270 |
_bNew Delhi _aP 19 Green Park Extension _e110016 |
||
| 300 |
_a419p. _c24cm (Hb) _ephotoes |
||
| 650 |
_aMathematics _915349 |
||
| 700 |
_aNitsure, Nitin _915350 |
||
| 942 |
_2ddc _cEN _h510 _mCOL |
||
| 999 |
_c42629 _d42629 |
||